Central Library OPAC University of Rajshahi

Graphical evolution : (Record no. 66775)

MARC details
000 -LEADER
fixed length control field 00865nam a2200253 a 4500
001 - CONTROL NUMBER
control field 66775
003 - CONTROL NUMBER IDENTIFIER
rucl marc code BD-RjUL
005 - DATE AND TIME OF LATEST TRANSACTION
control field 20211209081557.0
008 - FIXED-LENGTH DATA ELEMENTS--GENERAL INFORMATION
fixed length control field 170320s1985 nyu b 001 0 eng d
020 ## - INTERNATIONAL STANDARD BOOK NUMBER
International Standard Book Number 0471815772 :
035 ## - SYSTEM CONTROL NUMBER
System control number (BD-RjUL)66906
040 ## - CATALOGING SOURCE
Original cataloging agency BD-RjUL
Language of cataloging eng
Transcribing agency BD-RjUL
Modifying agency BD-RjUL
041 ## - LANGUAGE CODE
Language code of text/sound track or separate title eng
082 ## - DEWEY DECIMAL CLASSIFICATION NUMBER
Edition number 23
Classification number 511.5
Author mark and year PAG 1985
100 1# - MAIN ENTRY--PERSONAL NAME
Personal name Palmer, Edgar M.
9 (RLIN) 197680
245 10 - TITLE STATEMENT
Title Graphical evolution :
Remainder of title an introduction to the theory of random graphs ... /
Statement of responsibility, etc. Edgar M. Palmer
260 ## - PUBLICATION, DISTRIBUTION, ETC. (IMPRINT)
Place of publication, distribution, etc. New York :
Name of publisher, distributor, etc. John Wiley & Sons,
Date of publication, distribution, etc. c1985.
300 ## - PHYSICAL DESCRIPTION
Pagination xvii, 177 p ;
Size 26 cm.
490 ## - SERIES STATEMENT
Series statement Wiley-Interscience series in discrete mathematics and optimization
504 ## - BIBLIOGRAPHY, ETC. NOTE
Bibliography, etc Includes Bibliography and index.
650 #0 - SUBJECT ADDED ENTRY--TOPICAL TERM
Topical term or geographic name as entry element Graph theory
9 (RLIN) 197681
830 #0 - SERIES ADDED ENTRY--UNIFORM TITLE
Uniform title Wiley-Interscience series in discrete mathematics and optimization
942 ## - ADDED ENTRY ELEMENTS (KOHA)
Source of classification or shelving scheme Dewey Decimal Classification
Koha item type Books
Holdings
Lost status Source of classification or shelving scheme Damaged status Not for loan Collection code Permanent Location Current Location Shelving location Date acquired Total Checkouts Full call number Date last seen Copy number Koha item type
  Dewey Decimal Classification   Not For Loan Non-fiction Central Library, University of Rajshahi Central Library, University of Rajshahi Reading Room 09/12/2021   511.5 PAG 1985 20/03/2017 C-1 Books